000 00570nam a2200229 a 4500
001 nice12345678
003 IN_TiNIC
005 20260116013148.0
008 050524s1994 newa grp 000 0 eng
020 _a0883440
_c857.5
082 0 0 _a241.6
_bSTI
100 _aStivers, Robert L
245 _aChristian Ethics
_b Case Method Approach
260 _aNew York
_bOrbis Books
_c1994
300 _a298p
500 _aincludes index and biblioraphy
505 2 _aAppendix
650 _aChristian-Ethics
902 _bSRS
942 _cBK
999 _c9925
_d9925